000 00963nam a22002417a 4500
005 20240530110502.0
008 150430s2011 ua ad f b 000 0 ara d
017 _a13039/2010
_bمصر . دار الكتب المصرية
040 _aEG-CaGPL
082 0 4 _221
_a302.2345\
_bم أ
100 0 _aمحمد حسن العامرى
245 1 0 _aاثر الاعلان التلفزيونى على الطفل العربى /
_cمحمد حسن العامرى
250 _aط1
260 _aالقاهرة :
_bالعربى للنشر و التوزيع ،
_c2011 .
300 _a302 ص :
_bجداول ؛
_c24 سم +
_eملاحق .
490 _aدراسات فى الاعلام
504 _aيشتمل على ارجاعات ببليوجرافية
650 0 4 _aالاعلان بالتليفزيون
650 0 4 _aالتليفزيون و الاطفال
650 0 4 _aالاطفال
_xرعاية
942 _2ddc
_cBK
999 _c61495
_d61495